000 00758cam a22002533a 4500
001 2465
003 PGUSA
005 20140828083015.0
008 060328s2006||||xxu|||||s|||||000 1 eng d
040 _aPGUSA
_beng
042 _adc
050 4 _aPQ
100 1 _aMérimée, Prosper,
_d1803-1870
245 1 0 _aCarmen
_h[electronic resource] /
_cProsper Mérimée
260 _bProject Gutenberg,
_c2006
506 _aPublic domain in the USA.
516 _aElectronic text
653 _aCarmen (Fictitious character) -- Fiction
653 _aSpain -- Social life and customs -- 19th century -- Fiction
700 1 _aLoyd, Mary, Lady,
_d1853-1936
830 0 _aProject Gutenberg
_v2465
856 4 0 _uhttp://www.gutenberg.org/ebooks/2465
942 _cEB
999 _c231802
_d231802